[Event "Chennai Open"]
[Site "?"]
[Date "2015.01.02"]
[Round "5.5"]
[White "Dzhumaev, Marat"]
[Black "Ramnath Bhuvanesh, R."]
[Result "1-0"]
[WhiteElo "2532"]
[BlackElo "2405"]
[Annotator "Richard Palliser"]
[PlyCount "55"]
[EventDate "2014.12.30"]
[Source "ChessPublishing.com"]
[SourceDate "2015.02.03"]

1. d4 Nf6 2. Nc3 d5 3. Bg5 Nbd7 4. Qd3 ({The modern choice. An older line was
seen in the Open at the London Chess Classic:} 4. Nf3 h6 5. Bh4 e6 6. e4 $6 g5
7. Bg3 Nxe4 8. Nxe4 dxe4 9. Nd2 f5 {, which is a line I've never really cared
for. Indeed, I can't see a reason to change the view of old theory: bad for
White. Quite simply, } 10. h4 (10. Bc4 {has also been explored - see the Archive
}) 10... f4 11. Bh2 Nf6 {just looks horrible for White, although to be fair to
our former columnist, } 12. c3 c5 (12... Qd5 $1 13. Rg1 Bd7 {was the old
approach and just seems very strong - see Savosto-Sukhareva, Voronezh 2007, 
and Eric's damning notes}) 13. Qc2 Qd5 (13... cxd4 $5 14. Nxe4 Nxe4 15. Qxe4
dxc3 {gives White some checks, but not definitely enough compensation for two
pawns}) 14. dxc5 Bxc5 15. f3 $5 Be3 $6 16. Nc4 {did see him fighting his way
back into the game in Gormally-Fier, London 2014.}) 4... c5 $1 ({A critical
challenge. Instead, we haven't seen} 4... g6 {before, but it's not without
logic and after} 5. Nf3 ({White should revert back to} 5. f3 $1) 5... Bg7 6.
O-O-O O-O 7. e4 dxe4 8. Nxe4 Nxe4 9. Qxe4 Nf6 10. Qh4 Qd5 $1 11. Kb1 b5 12. Bd3
Be6 13. b3 a5 {White's king proved much the weaker in Mammadov-Galojan, Al-Ain
2014.}) 5. O-O-O e6 (5... c4 $5 {was preferred in a high-level encounter last
year and after} 6. Qg3 Qa5 7. e4 b5 8. Kb1 dxe4 9. Bxf6 gxf6 10. Nxe4 Bb7 {
Black enjoyed decent counterplay in Nakamura-Karjakin, Baku 2014.}) 6. e4 {
White must open the centre, lest he come under strong pressure on the
queenside, but the queen will be targeted with tempo.} cxd4 7. Qxd4 Bc5 8. Qd3
d4 9. Nce2 ({A new move and one which isn't definitely best. Eric considered} 
9. Na4 b6 {in Andrzejewska-Koziak, Koszalin 2005, and now suggested} 10. Nf3 $5
{when his line} e5 11. c3 Qc7 12. Qc2 Bb7 13. cxd4 exd4 {feels very critical.
Here, though, } 14. b4 $6 {is not best, as} Bxe4 $1 15. Re1 ({or} 15. Bd3 Bxf3
16. gxf3 Bd6 17. Rhe1+ Kf8) 15... O-O 16. Rxe4 Nxe4 17. Qxe4 Be7+ 18. Kb1 Bxg5
19. Nxg5 Nf6 {leaves Black with somewhat the safer king.}) 9... e5 10. c3 ({
The other way to undermine Black's powerful central pawn chain was} 10. f4 O-O
11. Nf3 {, but after} Qa5 12. Kb1 Ng4 {Black must be slightly for choice.
However, it's hard to believe that pushing a pawn in front of the white king
is entirely correct either.}) 10... O-O 11. Nf3 Qa5 (11... Qb6 $5 {was also a
tempting square, since} 12. cxd4 exd4 13. Nexd4 Re8 {will regain the pawn and
leave White far from comfortable as the position rapidly opens up.}) 12. Kb1
Ng4 {Winning a pawn, but Black is ignoring development and is about to help
White untangle his own forces.} 13. Bh4 dxc3 14. Nxc3 Nxf2 ({The pawn didn't
have to be snaffled and, indeed, } 14... Nb6 $5 {was possible, and if} 15. Qe2
Be6 16. Ng5 Bc8 17. Nf3 ({if} 17. h3 Nf6) 17... Be6 {with an unusual
repetition.}) ({Note too that} 14... Bxf2 15. Be7 ({or} 15. h3 $5 Bxh4 16. hxg4
) 15... Re8 16. Nd5 {would have offered White reasonable play for his pawn.})
15. Bxf2 Bxf2 16. Qc2 Bc5 17. Bc4 {Dzhumaev must have been delighted to have
managed to develop all his pieces, although we shouldn't forget that he is
still a pawn in arrears.} Nb6 $1 18. Bxf7+ $5 ({A stunning, completely
unexpected blow. It isn't 100% sound, but certainly changes the game. Instead, 
after} 18. Nxe5 Nxc4 19. Nxc4 Qa6 20. Ne5 Be6 21. Nd7 Rfc8 $1 22. Nxc5 Rxc5 {
Black would have been slightly for choice on account of his superior minor
piece.}) 18... Rxf7 $2 ({The bluff pays off. Presumably Ramnath wasn't sure
about} 18... Kxf7 19. Nxe5+ ({or} 19. Qb3+ Ke8 20. Nb5 {when} Ke7 $1 {is
pretty effective, and if} 21. Nc7 Bd6 $1 22. Nxa8 $2 Be6) 19... Ke8 20. Qe2 g6
21. Nb5 {. White is certainly very active, but Black is a piece up and his
king should be able to survive, as shown by} Be6 22. Nc7+ Ke7 23. Nxe6 Kxe6 24.
Nf3 Kf7 {when White is coming up short.}) 19. Rd8+ Rf8 $2 ({Now Black is in
serious trouble, whereas with the unmaterialistic} 19... Bf8 20. Ng5 Be6 $1 21.
Rxa8 Nxa8 22. Nxe6 h6 {he would have restricted White to only a pleasant edge.}
) 20. Qb3+ Kh8 21. Nxe5 {Suddenly mate is threatened on g8.} g6 22. Rf1 $2 ({
Losing his way.} 22. Rhd1 $1 {would have retained full control: for example, }
Bg4 ({or} 22... Be7 23. Qf7 $1) 23. Qf7 $1 Raxd8 24. Rxd8 Rxd8 25. Qf6+ Kg8 26.
Qxd8+ Bf8 27. Qf6 Qb4 28. Nxg4 {with an extra pawn in the ending.}) 22... Rxd8
$2 ({White will invade on f7 after this. Black really had to find} 22... Nd7 $1
{when} 23. Rdxf8+ (23. Rfxf8+ Nxf8 24. Qd5 Be6 {defends, and if} 25. Nxg6+ hxg6
26. Qe5+ Kh7 27. Rxa8 Qb6) 23... Bxf8 24. Qe6 $1 Qa6 $1 25. Qf7 Qd6 26. Qxd7 $5
Bxd7 27. Nf7+ Kg7 28. Nxd6 Bxd6 29. Rd1 Rf8 {would have offered excellent
drawing chances in the resulting endgame.}) 23. Nf7+ Kg7 24. Nxd8 Bd7 25. Qf7+
Kh8 ({The game is up, as if} 25... Kh6 26. Qf4+ Kg7 27. Qf6+ {when it's going
to be mate, just like in the game.}) 26. Qf6+ Kg8 27. Nf7 Bf8 28. Qh8# 1-0

[Event "Wijk aan Zee"]
[Site "?"]
[Date "2015.01.16"]
[Round "6.1"]
[White "Van Wely, Loek"]
[Black "Aronian, Levon"]
[Result "1/2-1/2"]
[WhiteElo "2667"]
[BlackElo "2797"]
[Annotator "Richard Palliser"]
[PlyCount "59"]
[EventDate "2015.01.10"]
[Source "ChessPublishing.com"]
[SourceDate "2015.02.03"]

1. d4 Nf6 2. Bg5 ({Another recent Torre game which caught my eye saw} 2. Nf3 e6
3. Bg5 h6 4. Bh4 c5 5. e3 b6 6. Bd3 Bb7 7. Nbd2 Be7 8. O-O O-O 9. c3 d6 {(all
pretty standard, although do note how Black has refused so far to release the
central tension)} 10. a4 cxd4 11. exd4 a6 12. Bxf6 $5 {(new here, if far from
unknown in such structures White unbalances the position and hopes that Black
will struggle to find a good role for his dark-squared bishop)} Bxf6 13. Ne4
Bxe4 (13... Be7 $1 14. Bc2 {might have been White's idea, but after} Nd7 15.
Qd3 g6 {Black can defend ...Re8 and ...Bf8 will follow}) 14. Bxe4 d5 15. Bc2
Nc6 16. Re1 g6 17. Qd3 Re8 18. g3 Qc7 19. h4 h5 20. Kg2 {left White with an
ongoing nibble in Ki.Georgiev-Y.Vovk, Padova 2014.}) 2... d5 ({Van Wely also
employed the Trompowsky in the Super Rapidplay at the London Classic, being
met with the extremely rare} 2... Ne4 3. Bf4 Nc6 $6 {in van Wely-Naroditsky, 
London (rapid) 2014. In the game} 4. Nf3 (4. f3 $1 e5 $5 {is Black's idea, but
I just can't really buy} 5. dxe5 g5 6. Be3 Nc5) 4... d5 5. e3 Bg4 6. h3 Bxf3 7.
gxf3 Nf6 8. c4 e6 9. Qb3 Bb4+ 10. Nc3 O-O {didn't seem like too bad a version
of a Chigorin for Black.}) 3. Nd2 Nbd7 {A very solid set-up and play now
transposes into the Torre.} 4. Ngf3 e6 5. e3 c5 6. c3 Qb6 7. Rb1 g6 $5 {A
novelty, if far from an illogical choice. White wants to go Bd3, Ne5, f2-f4
and attack on the kingside, so why not place a barrier in his way?} 8. Ne5 ({
Opting for a Stonewall approach in any case. Somewhat quieter would have been} 
8. Bd3 Bg7 9. O-O O-O {when the position is a strange type of Torre King's
Indian and here maybe White could try} 10. b4 $5 {.}) 8... Bg7 9. f4 {White
has a firm grip on the centre, but Aronian now unfurls a fine retreat.} Ng8 $1
10. Nb3 ({Attacking c5. Instead, } 10. Bh4 {tries to leap clear of the ...f7-f6
push, but after} Nh6 11. Bd3 f6 12. Nxd7 Bxd7 {Black can't have any problems.})
10... cxd4 11. exd4 Nh6 (11... f6 12. Nxd7 Bxd7 13. Bh4 Nh6 14. Nc5 Qd6 {
should be fine for Black, but Aronian sees no need to force the pace when his
knight has a fine square available on f5.}) 12. Bxh6 $5 ({A radical attempt to
cross Black's plans. Van Wely no doubt considered} 12. Bd3 Nf5 {to be very
solid, as well as easy for Black and, indeed, } 13. g4 $6 Nd6 14. Qe2 Ne4 $1 {
would surely not be the way for White to go, and if} 15. Bxe4 dxe4 16. Qxe4 f6
17. Nxd7 Bxd7 18. Bh4 Qd6 {followed by ...Bc6 or just ...0-0 and ...e5.}) 12...
Bxh6 13. Qf3 a5 14. h4 $5 {One has to like the way White responds to an
initiative-seeking rook's pawn advance with one of his own. Developing either
light-squared bishop can wait with the centre effectively closed.} a4 15. Nd2 (
{Maybe} 15. Nxd7 $5 Bxd7 16. Nc5 {was another try, and if} Bb5 17. Bxb5+ Qxb5
18. h5 {when Black isn't in time to go} Bf8 $2 {.}) 15... a3 $1 ({Breaking up
the white queenside before exchanging knights. Glancing at the engine, I see
it recommending} 15... Nxe5 16. fxe5 O-O {, but few humans would feel entirely
sure about this after} 17. g4 $1 {.}) 16. b4 Nxe5 17. fxe5 Bd7 18. g4 $1 {
Black's light-squared bishop is about to take up a decent role, but White too
is allowed to gain space.} Ba4 19. g5 Bf8 20. Bd3 {Preventing ...Bc2 and
preparing to target f7. Aronian once again responds in creative fashion.} Rc8
21. Rf1 Be7 $1 ({Offering the pawn and hoping to profit from the resulting
open f-file. Instead, } 21... Rc7 22. Nb3 {followed by Nc5 and h4-h5 would have
seen White pressing.}) 22. Qxf7+ Kd7 {Now Black threatens both c3 and ...Rcf8, 
but White is able to comfortably maintain the balance.} 23. Nb3 Bxb3 ({And not
} 23... Rxc3 $2 24. Nc5+ {.}) 24. Rxb3 Rhf8 (24... Rcf8 {was a safer move
order, since then} 25. Qg7 Rfg8 26. Qh6 $2 {can be met by} Bf8 ({or even} 26...
Kc8 $5 27. Rxa3 Kb8 {.})) 25. Qxh7 ({Van Wely settles for the draw.} 25. Qg7 $5
Rg8 26. Qh6 {looks ridiculous, but White is a pawn ahead, threatens Rf7 and ...
Bf8 isn't a threat. Black must go} Rxc3 $1 (26... Bf8 $2 27. Rf7+ {wins}) 27.
Rxc3 Qxb4 28. Ke2 Qxc3 29. Qxh7 Re8 $3 30. Qxg6 {when his kingside has gone, 
but after} (30. Bb5+ Kd8 31. Bxe8 Qc4+ {is a perpetual}) 30... Rh8 {(Bb5+ was
now threatened), his active queen should enable him to hold.}) 25... Rh8 26.
Qxg6 {Bagging a second pawn, but the queen won't be able to escape the
repetition.} Rcg8 27. Qf7 Rf8 28. Qg7 Rfg8 29. Qf7 Rf8 30. Qg7 1/2-1/2

[Event "German Championship, Verden an der Alle"]
[Site "?"]
[Date "2014.11.23"]
[Round "3.9"]
[White "Bischoff, Klaus"]
[Black "Skibbe, Willi"]
[Result "1/2-1/2"]
[WhiteElo "2502"]
[BlackElo "2274"]
[Annotator "Richard Palliser"]
[PlyCount "80"]
[EventDate "2014.11.21"]
[Source "ChessPublishing.com"]
[SourceDate "2015.02.03"]

1. d4 d5 2. Nf3 Nc6 3. e3 {As long-time subscribers might just about remember, 
Bischoff had played this before. I quite like this simple Colle approach, 
although it's far from the only non-Chigorin option:} ({a) Eric rather liked
the closely related} 3. Nbd2 $5 {.}) ({b)} 3. Bf4 {might be the choice of a
London player, but after} Bg4 4. e3 e6 5. Nbd2 Bd6 {Black isn't doing so badly.
Indeed, in one recent game} 6. c3 (6. Bxd6 cxd6 $1 {is the way to recapture, })
({but perhaps White's best try is} 6. Bg3 $5 Nge7 7. c4) 6... Nge7 7. Be2 Ng6
8. Bxd6 cxd6 9. O-O Nge7 10. e4 O-O 11. Re1 h6 12. h3 Bh5 13. Nh4 $6 Bxe2 14.
Qxe2 b5 $1 {already saw Black seizing the initiative in A.
Mastrovasilis-Kotronias, Greek Championship, Vrachati 2014.}) ({c)} 3. g3 {has
a number of GM adherents, one of whom recently changed sides here:} Bf5 (3...
Bg4 4. Nbd2 Qd7 5. h3 Bf5 6. c3 e5 $5 7. dxe5 O-O-O {was a very interesting
gambit in Kramnik-Fressinet, Paris/St Petersburg 2013, a game which sent shock
waves around the world and which was annotated for us by Danny Gormally}) 4.
Bg2 Nb4 5. Na3 e6 6. O-O Nf6 7. Bf4 c6 8. c3 Na6 9. Nc2 Be7 10. Ne5 h6 11. Ne1
O-O 12. N1d3 Rc8 {and Black was very solid, eventually going on to win in
Caruana-Kramnik, London (blitz) 2014.}) 3... Bg4 ({The standard Chigorin move.
Instead, } 3... Nf6 4. Bb5 $5 (4. c4 $1 {is good, as after} Bg4 5. cxd5 Bxf3 6.
gxf3 Qxd5 7. Nc3 {Black can't pin with his bishop}) 4... Bd7 5. O-O e6 6. b3
Bd6 7. Bb2 O-O 8. Nbd2 Ne4 {(with his c-pawn impeded, in comparison to a
standard Colle-Zukertort, Black must look to a different approach to try and
obtain some play)} 9. Nxe4 $1 dxe4 10. Nd2 f5 11. Nc4 {gave White a small edge
in Rapport-Bhend, Basle 2015.}) 4. Be2 ({Here I quite like} 4. Bb5 $5 {, as I
showed in my notes to Kurajica-Fercec, Croatian Team Championship 2012, but
the text is sensible and may also suffice for a small pull.}) 4... Nf6 5. Nbd2
e6 6. a3 $5 ({Bischoff takes control of the b4-square. Thirteen years earlier
he had preferred} 6. h3 Bf5 {and only then} 7. a3 {, after which} a6 8. b3 h6
9. Bb2 b5 10. c4 $1 {opened the position to White's advantage in
Bischoff-Schlindwein, Altenkirchen 2001 - see Aaron's notes in the Archive.})
6... Be7 7. b3 O-O 8. Bb2 {Hardly the most dynamic or exciting approach from
the experienced German GM, but while White has the c2-c4 break, Black's
counterplay isn't so obvious as his own c-pawn is impeded.} Ne4 ({A popular
leap in such positions, as indeed we've already seen, but it can easily play
into White's hands. Indeed, I suspect a better plan was seen with the
regrouping} 8... Re8 $5 9. O-O Bf8 10. c4 Ne7 {in Vukovic-Kalajzic, Zagreb
2012.}) 9. Nxe4 $1 dxe4 10. Nd2 Bf5 $6 ({Retaining his bad bishop.} 10... Bxe2
11. Qxe2 f5 {must be a better try, although after} 12. O-O Bd6 13. f4 {I would
still slightly prefer to take White.}) 11. c4 {Suddenly we find White's pawns
mobile, which is not a term one would apply to the dead point on e4.} Bg6 12.
Qc2 f5 13. d5 $1 {Opening the position to the delight of the bishop on b2 and
the queen on c2.} exd5 14. cxd5 Nb8 15. O-O Nd7 16. Rac1 Rc8 ({This feels a
little passive, but} 16... Bf7 {was no better:} 17. Qxc7 Bxd5 18. Rfd1 {with
an ongoing pull for White.}) 17. Nc4 Nb6 {Another solid move, but an exchange
of knights is just going to play into White's hands.} 18. Rfd1 Nxc4 $6 19. bxc4
b6 20. Bd4 $1 {Bischoff is determined to force through c4-c5 and has
appreciated that an exchange of a-pawns is not something he minds.} Bxa3 21.
Ra1 Bd6 (21... Qe7 $2 {would have run into} 22. Bxg7 $1 Kxg7 23. Qc3+ {, 
regaining the piece with interest.}) 22. Rxa7 {The c4-c5 break is still on the
agenda, but to Skibbe's credit he recognises the danger and tries to drum up
some counterplay.} Bh5 $5 ({Everything is defended after} 22... Qh4 23. g3) ({
and} 22... f4 $6 23. Bg4 $1 fxe3 ({or} 23... Rb8 24. exf4 Rxf4 25. Be6+ Kh8 26.
Qc3) 24. Bxe3 Qh4 25. Be6+ Kh8 26. g3 {would have turned out somewhat in
White's favour.}) 23. Bxh5 Qh4 24. g3 ({The weakened light squares will come
back to haunt White, so perhaps he should have preferred} 24. f4 $5 Qxh5 (24...
exf3 $2 25. Bxf3 Qxh2+ 26. Kf1 {escapes}) 25. Rda1 {.}) 24... Qxh5 25. Rda1 Qg6
26. c5 {Here comes the breakthrough. Despite the various exchanges which have
taken place, Black remains under pressure.} bxc5 27. Bxc5 Rfd8 28. R1a6 Qe8 29.
Rc6 ({It may be that} 29. Bxd6 $5 Rxd6 30. Qc4 {was a better way to press and
only then Rc6.}) 29... Bxc5 $2 ({Skibbe cracks and just when} 29... Ra8 $1 {
would have helped to ease his worries.}) 30. Qxc5 Qe5 31. Re6 ({I suspect that
this was either based on a miscalculation or that White failed to appreciate
the strength of} 31. Ra5 $1 {threatening d5-d6.}) 31... Qb2 32. Rxc7 $2 ({And
here Bischoff must have missed something. With} 32. Kg2 $1 Qd2 ({or} 32... Qe2
33. Ra1) 33. Re5 {White would have continued to press.}) 32... Qb1+ 33. Kg2 Qd1
$1 {Oh dear. Suddenly it becomes clear that Black did not need to worry about
his rook.} 34. h4 Qf3+ 35. Kg1 Qd1+ 36. Kh2 Qe2 37. Rxg7+ {A last try, but
it's still just going to be a perpetual.} Kxg7 38. Qe7+ Kh8 39. Qf6+ Kg8 40.
Qg5+ Kh8 1/2-1/2

[Event "Baltic Zonal, Tallinn"]
[Site "?"]
[Date "2015.01.13"]
[Round "2.1"]
[White "Kveinys, Aloyzas"]
[Black "Sulskis, Sarunas"]
[Result "1-0"]
[WhiteElo "2522"]
[BlackElo "2557"]
[Annotator "Richard Palliser"]
[PlyCount "47"]
[EventDate "2015.01.12"]
[Source "ChessPublishing.com"]
[SourceDate "2015.02.03"]

1. d4 Nf6 2. Nf3 e6 3. Bf4 c5 4. e3 Qb6 5. Nc3 $5 {The critical test of
Black's ambitious last.} cxd4 $6 ({I'm not a huge fan of Black's fourth and
this is definitely an error. For once, Sulskis wasn't well prepared.} 5... Nc6
$1 {is a better try and continues to be upheld by Jiri Stocek:} 6. Nb5 Nd5 7.
dxc5 (7. Nd6+ $2 Bxd6 8. Bxd6 Nxd4 {was rather embarrassing for White in
Kogan-Stocek, Lazne Bohdanec 1996, }) ({while Eric considered} 7. Bd6 $5 Nxd4 8.
Bxf8 Nxf3+ 9. Qxf3 Kxf8 $1 {to be the critical line}) 7... Bxc5 8. Bd6 a6 9. c4
$6 (9. Bxc5 Qxc5 10. c4 axb5 11. cxd5 exd5 12. Bd3 Qb4+ 13. Qd2 {would have
been about equal}) 9... axb5 10. Bxc5 Qxc5 (10... Qa5+ $1 {shouldn't give
White enough for his pawn, such as after} 11. Nd2 bxc4 12. Bd6 b5) 11. cxd5 Nb4
(11... exd5 $5 12. Qd2 O-O 13. Rc1 Qe7 14. Bxb5 Rxa2 15. O-O Qb4 {was Eric's
analysis, ending with an edge for Black of course, the second player cannot
be worse here, but perhaps} 16. Qxb4 Nxb4 17. b3 Ra5 18. Be2 d6 19. Nd4 Rc5 20.
Nb5 {enables White to claim equality}) 12. Rc1 Qxd5 13. Qxd5 Nxd5 14. Bxb5 Ke7
15. a3 {and the position was about equal in Teglas-Stocek, European Rapid
Championship, Wroclaw 2014.}) ({Before we move on with our main game, don't
forget that} 5... d5 $6 6. Nb5 Na6 7. a4 $1 {is also quite pleasant for White, 
as we saw in Kosic-Rindlisbacher, Gabicce Mare 2014.}) 6. exd4 ({Dangling the
b-pawn, although we might just condemn Black's move order on account of} 6. Nb5
$5 Na6 7. exd4 Be7 8. c3 d6 9. a4 $1 {, with a definite edge for White.}) 6...
Qxb2 $2 ({Oh dear. Sulskis is a wonderfully creative player and must have been
on his own by this point. In another recent game Black preferred the prudent} 
6... a6 {and after} 7. Rb1 $6 (7. a3 d5 8. Bd3 {would effectively gain a tempo
and with it a plus}) 7... d5 8. a3 Nc6 9. Bd3 Bd7 10. Ne2 Nh5 $5 11. Be3 Qc7 {
wasn't doing too badly in San Diego-Habla, Quezon City 2014.}) 7. Nb5 Nd5 8.
Rb1 Qxa2 9. Bd2 {A powerful retreat. Black might be two pawns up, but how is
he ever going to rescue his queen without dropping the rook on a8?} a6 ({As
Eric has shown, } 9... Na6 $6 10. Ra1 Qb2 11. Bc4 Nab4 12. O-O $1 {was already
pretty much winning for White in Kosic-Berczes, Budapest 2007.}) 10. Ra1 Qb2
11. Bd3 ({Simple development and a clear improvement over the previously played
} 11. Bc4 $2 axb5 12. Rxa8 bxc4 13. Rxb8 Nb6 {, }) ({but the text isn't the
only good move. Indeed, } 11. c4 $5 Nb4 12. Bc3 Qc2 ({the only real try, as} 
12... Nc2+ 13. Kd2 Bb4 14. Rb1 {leaves Black devoid of a good discovered check}
) 13. Qxc2 Nxc2+ 14. Kd1 Nxa1 15. Nc7+ Kd8 16. Nxa8 b5 17. Ne5 {also seems to
work out rather well for the first player from what I can see.}) 11... Nc6 ({
Another attempt to develop is} 11... Bb4 $5 {. White has a few options in
response, including} 12. Rb1 (12. O-O Bxd2 13. Qxd2 {is possible, but} O-O 14.
Nc7 Nxc7 15. Rfb1 Qxb1+ 16. Rxb1 {does give Black a fair amount for the queen})
12... Qa2 13. Rxb4 axb5 14. Rxb5 Nc6 15. O-O O-O 16. Qe2 {with the initiative
and promising attacking chances in return for the pawn.}) 12. O-O Rb8 $2 {This
pretty much loses by force, but neither would I be at all happy as Black after
the alternatives:} ({a)} 12... Ncb4 13. Be4 f5 14. Bxd5 Nxd5 15. c4 {will win
the queen unless Black tries the desperate exchange sacrifice.}) ({b)} 12...
Bb4 13. c4 axb5 14. Rxa8 Nb6 15. Bc1 $1 Qc3 16. Ra2 {continues to hound the
black queen.}) ({c)} 12... Be7 13. Qe2 O-O 14. c3 axb5 {(once again, pretty
much the only try)} 15. Rxa8 Nxc3 16. Bxh7+ $1 Kxh7 17. Qd3+ f5 18. Bxc3 Qb3
19. Rb1 Qc4 20. Ne1 {and White will have good chances to convert his extra
exchange.}) 13. c4 axb5 14. cxd5 Nb4 ({Desperation, in view of} 14... exd5 15.
Re1+ ({or just} 15. Qe2+ Be7 16. Rfb1) 15... Be7 16. Re2 {.}) 15. Bf4 Nxd5 (
15... d6 {saves the rook, but after} 16. Bxb5+ Ke7 17. Qa4 {Black won't be
long for this world.}) 16. Bxb8 b4 17. Qc1 Qc3 18. Qb1 Qc6 19. Be4 {Not only
is Black a rook down, but he continues to trail somewhat in the development
stakes, and already Sulskis might well have resigned.} Nc3 20. Bxc6 Nxb1 21.
Rfxb1 dxc6 22. Ra8 f6 23. Ba7 Kd7 24. Nd2 1-0